[Event "POL-chT 2nd League"]
[Site "Jastrzebia Gora"]
[Date "2018.09.01"]
[Round "1.6"]
[White "Pazderski, Ziemowit"]
[Black "Lukasiewicz, Grzegorz"]
[Result "1/2-1/2"]
[WhiteElo "2239"]
[BlackElo "2171"]
[PlyCount "82"]
[EventDate "2018.09.01"]
[EventType "team-swiss"]
[EventRounds "9"]
[EventCountry "POL"]
[SourceTitle "CBM 186 Extra"]
[Source "ChessBase"]
[SourceDate "2018.08.24"]
[SourceVersion "1"]
[SourceVersionDate "2018.08.24"]
[SourceQuality "1"]
[WhiteTeam "Zielonka Zieloni"]
[BlackTeam "Bogatynia UKS SP3"]
[WhiteTeamCountry "POL"]
[BlackTeamCountry "POL"]

1. d4 d5 2. Nf3 c6 3. c4 Nf6 4. Nc3 e6 5. g3 Nbd7 6. Bg2 Be7 7. 0-0 0-0 8. b3 b6 9. Bb2 Bb7 10. cxd5 cxd5 11. Qd3 Ne4 12. Rfc1 f5 13. e3 a6 14. Ne2 Bd6 15. Ne5 Qe7 16. Nc6 Qe8 17. Rc2 Ndf6 18. Rac1 Qh5 19. Nf4 Qh6 20. h3 Rae8 21. Ne5 g5 22. Ne2 g4 23. h4 Qg7 24. Nf4 Qe7 25. a3 Rc8 26. Bf1 Rxc2 27. Rxc2 Nd7 28. Qd1 Nxe5 29. dxe5 Bb8 30. Qc1 Nc5 31. b4 Nd7 32. Qa1 Kf7 33. Bd4 Rc8 34. Rxc8 Bxc8 35. Qc3 Bb7 36. Bd3 Kg8 37. a4 Qe8 38. a5 b5 39. Kh2 Nf8 40. Bc5 Qc6 41. Bd4 Qxc3 1/2-1/2

[Event "Avoine op 30th"]
[Site "Avoine"]
[Date "2015.07.24"]
[Round "7"]
[White "Lukasiewicz, Grzegorz"]
[Black "Prevot, Rodolphe"]
[Result "1-0"]
[WhiteElo "2245"]
[BlackElo "1879"]
[PlyCount "47"]
[EventDate "2015.07.18"]
[EventType "swiss"]
[EventRounds "9"]
[EventCountry "FRA"]
[SourceTitle "EXT 2016"]
[Source "ChessBase"]
[SourceDate "2015.10.08"]
[SourceVersion "1"]
[SourceVersionDate "2015.10.08"]
[SourceQuality "1"]

1. d4 Nf6 2. Nf3 c5 3. d5 b5 4. c4 g6 5. cxb5 a6 6. bxa6 Bxa6 7. Nc3 Bg7 8. g3 d6 9. Bg2 Nfd7 10. 0-0 0-0 11. h4 Nb6 12. h5 N8d7 13. hxg6 hxg6 14. Ng5 Nc4 15. Qc2 Qa5 16. Qe4 Rfd8 17. Qxe7 Nde5 18. Nce4 Bf8 19. Nf6+ Kg7 20. Ne6+ Kh8 21. Nxf8 Rxf8 22. Bh6 Rfb8 23. Ne4 Ng4 24. Qh4 1-0

[Event "Avoine op 29th"]
[Site "Avoine"]
[Date "2014.07.22"]
[Round "4"]
[White "Lukasiewicz, Grzegorz"]
[Black "Petre, Nad Titus"]
[Result "0-1"]
[WhiteElo "2265"]
[BlackElo "2371"]
[PlyCount "78"]
[EventDate "2014.07.19"]
[EventType "swiss"]
[EventRounds "9"]
[EventCountry "FRA"]
[SourceTitle "CBM 161 Extra"]
[Source "ChessBase"]
[SourceDate "2014.08.29"]
[SourceVersion "1"]
[SourceVersionDate "2014.08.29"]
[SourceQuality "1"]

1. d4 e6 2. Nf3 c5 3. e3 Nf6 4. Bd3 d5 5. b3 Nc6 6. Bb2 cxd4 7. exd4 Be7 8. 0-0 0-0 9. c4 b6 10. Nbd2 Bb7 11. Qe2 Re8 12. Rac1 Bf8 13. a3 a5 14. Rfe1 Rc8 15. Nf1 g6 16. Red1 Bh6 17. Rc2 Nh5 18. g3 Nf6 19. Ne3 Bg7 20. c5 Ne4 21. cxb6 Qxb6 22. Bb5 Nd6 23. Ba4 Ba6 24. Qd2 Bb5 25. Bxb5 Qxb5 26. Rdc1 Ne7 27. Rxc8 Rxc8 28. Rxc8+ Nexc8 29. Qc2 Bf8 30. Ng4 h5 31. Nge5 Ne7 32. Kg2 Ne4 33. h3 Qb7 34. Bc1 f6 35. Nd3 Qc6 36. Nfe1 Qxc2 37. Nxc2 Nc6 38. f3 Nc3 39. Bb2 Nb5 0-1

[Event "Avoine op 29th"]
[Site "Avoine"]
[Date "2014.07.21"]
[Round "3"]
[White "Filip, Lucian Ioan"]
[Black "Lukasiewicz, Grzegorz"]
[Result "1/2-1/2"]
[WhiteElo "2458"]
[BlackElo "2265"]
[PlyCount "37"]
[EventDate "2014.07.19"]
[EventType "swiss"]
[EventRounds "9"]
[EventCountry "FRA"]
[SourceTitle "CBM 161 Extra"]
[Source "ChessBase"]
[SourceDate "2014.08.29"]
[SourceVersion "1"]
[SourceVersionDate "2014.08.29"]
[SourceQuality "1"]

1. Nf3 d5 2. c4 c6 3. d4 Nf6 4. Nc3 e6 5. g3 Nbd7 6. Bg2 Be7 7. 0-0 0-0 8. Bf4 dxc4 9. e4 b5 10. d5 Qb6 11. dxc6 Nc5 12. e5 Ne8 13. Be3 Qb8 14. Qd4 Ba6 15. Rfd1 h6 16. Qg4 Kh7 17. Bxc5 Bxc5 18. Ne4 Qb6 19. Rd7 1/2-1/2

[Event "Avoine op 25th"]
[Site "Avoine"]
[Date "2010.07.17"]
[Round "1"]
[White "Lukasiewicz, Grzegorz"]
[Black "Algaba, Solene"]
[Result "1-0"]
[WhiteElo "2264"]
[BlackElo "1997"]
[PlyCount "97"]
[EventDate "2010.07.17"]
[EventType "swiss"]
[EventRounds "9"]
[EventCountry "FRA"]
[SourceTitle "EXT 2011"]
[Source "ChessBase"]
[SourceDate "2010.11.26"]
[SourceVersion "1"]
[SourceVersionDate "2010.11.26"]
[SourceQuality "1"]

1. d4 d5 2. Bg5 Nf6 3. Nf3 e6 4. e3 Bd6 5. Ne5 0-0 6. Nd2 c5 7. c3 Nbd7 8. f4 Qc7 9. Bd3 h6 10. Bh4 Nh7 11. 0-0 f5 12. g4 Nxe5 13. fxe5 Be7 14. Bxe7 Qxe7 15. Kh1 Qg5 16. Qf3 c4 17. Bc2 Qd8 18. gxf5 exf5 19. Rg1 Be6 20. Qh5 Kh8 21. Nf3 Qe8 22. Qg4 Qf7 23. Raf1 b5 24. Rg2 a5 25. Rfg1 Rg8 26. Rf1 b4 27. Ng1 Nf8 28. Nh3 Ng6 29. Qg3 Ne7 30. Ng5 Qg6 31. Qh4 Rgf8 32. Rfg1 Rg8 33. Qh3 Ra6 34. Rf2 Bc8 35. Qh4 Qe8 36. Bd1 Rb6 37. Nh3 Rg6 38. Rgf1 Rb6 39. Rg1 Rg6 40. Nf4 Rb6 41. Bf3 Rf8 42. Rfg2 Rg8 43. Nh3 bxc3 44. bxc3 a4 45. Nf4 Qf7 46. e6 Bxe6 47. Qxe7 g5 48. Qxf7 Bxf7 49. Bxd5 1-0

[Event "Avoine op 24th"]
[Site "Avoine"]
[Date "2009.07.20"]
[Round "3"]
[White "Lukasiewicz, Grzegorz"]
[Black "Fedorchuk, Sergey A"]
[Result "0-1"]
[WhiteElo "2259"]
[BlackElo "2655"]
[PlyCount "62"]
[EventDate "2009.07.18"]
[EventType "swiss"]
[EventRounds "9"]
[EventCountry "FRA"]
[SourceTitle "CBM 131 Extra"]
[Source "ChessBase"]
[SourceDate "2009.09.03"]
[SourceVersion "2"]
[SourceVersionDate "2009.09.16"]
[SourceQuality "1"]

1. d4 Nf6 2. Nf3 e6 3. e3 b6 4. Bd3 Bb7 5. 0-0 Be7 6. Nbd2 c5 7. Re1 Nc6 8. a3 0-0 9. b3 d5 10. Bb2 Rc8 11. Qe2 Rc7 12. dxc5 bxc5 13. e4 dxe4 14. Nxe4 Nd5 15. Rad1 Rd7 16. Bb5 Nf4 17. Qf1 Rxd1 18. Rxd1 Qc7 19. Qe1 Nd4 20. Nxd4 cxd4 21. Bc4 e5 22. Bc1 Nd5 23. Qe2 Nb6 24. Bb5 h6 25. f3 Kh8 26. Kh1 f5 27. Ng3 Nd5 28. Re1 Nc3 29. Qf1 Bh4 30. f4 Ne4 31. Kg1 Qd8 0-1

[Event "Avoine op 24th"]
[Site "Avoine"]
[Date "2009.07.20"]
[Round "2"]
[White "Menager, Erwan"]
[Black "Lukasiewicz, Grzegorz"]
[Result "0-1"]
[WhiteElo "2072"]
[BlackElo "2259"]
[PlyCount "56"]
[EventDate "2009.07.18"]
[EventType "swiss"]
[EventRounds "9"]
[EventCountry "FRA"]
[SourceTitle "CBM 131 Extra"]
[Source "ChessBase"]
[SourceDate "2009.09.03"]
[SourceVersion "2"]
[SourceVersionDate "2009.09.16"]
[SourceQuality "1"]

1. e4 c5 2. Nf3 Nc6 3. d4 cxd4 4. Nxd4 Nf6 5. Nc3 d6 6. Bg5 Bd7 7. Qd2 Qa5 8. Nb3 Qc7 9. f4 e6 10. Bd3 Be7 11. 0-0 h6 12. Bxf6 Bxf6 13. Kh1 a6 14. Rae1 0-0 15. Nd1 Rad8 16. c3 Na5 17. Nd4 Nc4 18. Qe2 b5 19. b3 Nb6 20. e5 dxe5 21. fxe5 Be7 22. Qe4 g6 23. Re3 Be8 24. Rg3 Qd7 25. Qg4 Nd5 26. Rxf7 Bxf7 27. Bxg6 Bg5 28. Qh5 Nf4 0-1

[Event "Avoine op 24th"]
[Site "Avoine"]
[Date "2009.07.18"]
[Round "1"]
[White "Lukasiewicz, Grzegorz"]
[Black "Demoulin, Paul"]
[Result "1-0"]
[WhiteElo "2259"]
[BlackElo "1983"]
[PlyCount "43"]
[EventDate "2009.07.18"]
[EventType "swiss"]
[EventRounds "9"]
[EventCountry "FRA"]
[SourceTitle "CBM 131 Extra"]
[Source "ChessBase"]
[SourceDate "2009.09.03"]
[SourceVersion "2"]
[SourceVersionDate "2009.09.16"]
[SourceQuality "1"]

1. d4 d5 2. Bg5 Nf6 3. e3 c6 4. Bd3 Nbd7 5. Nf3 Ne4 6. Bh4 Ndf6 7. Ne5 Nd6 8. 0-0 g6 9. c4 Bg7 10. Nc3 dxc4 11. Nxc4 Nxc4 12. Bxc4 0-0 13. Qe2 b5 14. Bb3 Qd7 15. Rac1 Bb7 16. Rfd1 a6 17. e4 Qg4 18. Qxg4 Nxg4 19. Bxe7 Rfe8 20. Bc5 Nf6 21. e5 Nd7 22. Ne4 1-0

[Event "Avoine op 20th"]
[Site "Avoine"]
[Date "2005.07.23"]
[Round "1"]
[White "Perruchaud, Francois"]
[Black "Lukasiewicz, Grzegorz"]
[Result "1/2-1/2"]
[WhiteElo "2050"]
[BlackElo "2279"]
[PlyCount "79"]
[EventDate "2005.07.23"]
[EventType "swiss"]
[EventRounds "9"]
[EventCountry "FRA"]
[SourceTitle "EXT 2007"]
[Source "ChessBase"]
[SourceDate "2006.11.23"]
[SourceVersion "1"]
[SourceVersionDate "2006.11.23"]
[SourceQuality "1"]

1. d4 d5 2. Nf3 c6 3. g3 Bf5 4. Bg2 e6 5. 0-0 Be7 6. c4 Nf6 7. Nc3 0-0 8. Nd2 Nbd7 9. e4 dxe4 10. Ndxe4 Nxe4 11. Bxe4 Bxe4 12. Nxe4 e5 13. d5 f5 14. Nc3 Bc5 15. dxc6 bxc6 16. Be3 Be7 17. Qd2 Qc7 18. Rad1 Rad8 19. Qe2 Kh8 20. f3 Bc5 21. Bxc5 Nxc5 22. Rxd8 Rxd8 23. Rd1 Rxd1+ 24. Qxd1 Ne6 25. Qe2 Kg8 26. Qe3 Kf7 27. Kg2 Kf6 28. b3 Qa5 29. Qd2 Qc5 30. g4 Qd4 31. Qxd4 exd4 32. Na4 Ke5 33. gxf5 Kxf5 34. Kf2 g5 35. b4 g4 36. Nb2 gxf3 37. Kxf3 Ng5+ 38. Ke2 Ke4 39. Nd3 Ne6 40. Nf2+ 1/2-1/2

[Event "Geneve op 17th"]
[Site "Geneve"]
[Date "2001.01.24"]
[Round "5"]
[White "Bernard, Jacques"]
[Black "Lukasiewicz, Grzegorz"]
[Result "1-0"]
[WhiteElo "2237"]
[BlackElo "2308"]
[PlyCount "52"]
[EventDate "2001.01.20"]
[EventType "swiss"]
[EventRounds "9"]
[EventCountry "SUI"]
[SourceTitle "EXT 2002"]
[Source "ChessBase"]
[SourceDate "2001.11.25"]
[SourceVersion "1"]
[SourceVersionDate "2001.11.25"]
[SourceQuality "1"]

1. e4 c5 2. Nf3 Nc6 3. d4 cxd4 4. Nxd4 Qb6 5. Nb3 Nf6 6. Nc3 e6 7. Be3 Qc7 8. Bd3 d6 9. 0-0 Be7 10. f4 0-0 11. g4 e5 12. f5 h6 13. Qf3 Nb4 14. Rad1 Rd8 15. a3 Nxd3 16. Rxd3 b6 17. h4 Bb7 18. g5 hxg5 19. hxg5 Nxe4 20. Nxe4 Qxc2 21. Bc1 d5 22. Nf6+ gxf6 23. Qh3 Ba6 24. Rg3 fxg5 25. Bxg5 Bxg5 26. Rxg5+ Kf8 1-0

[Event "Geneve op 17th"]
[Site "Geneve"]
[Date "2001.01.23"]
[Round "4"]
[White "Lukasiewicz, Grzegorz"]
[Black "Epishin, Vladimir"]
[Result "0-1"]
[WhiteElo "2308"]
[BlackElo "2578"]
[PlyCount "38"]
[EventDate "2001.01.20"]
[EventType "swiss"]
[EventRounds "9"]
[EventCountry "SUI"]
[SourceTitle "EXT 2002"]
[Source "ChessBase"]
[SourceDate "2001.11.25"]
[SourceVersion "1"]
[SourceVersionDate "2001.11.25"]
[SourceQuality "1"]

1. d4 Nf6 2. Nf3 g6 3. c3 Bg7 4. Bg5 0-0 5. Nbd2 Nc6 6. e4 d5 7. Bxf6 exf6 8. exd5 Ne7 9. Bc4 Nxd5 10. 0-0 Nf4 11. Qe1 h5 12. Ne4 Bh6 13. a4 Kg7 14. a5 g5 15. Nfd2 h4 16. f3 g4 17. fxg4 h3 18. gxh3 Nxh3+ 19. Kg2 Rh8 0-1

[Event "Geneve op 17th"]
[Site "Geneve"]
[Date "2001.01.22"]
[Round "3"]
[White "Becker, Thomas"]
[Black "Lukasiewicz, Grzegorz"]
[Result "0-1"]
[WhiteElo "2215"]
[BlackElo "2308"]
[PlyCount "58"]
[EventDate "2001.01.20"]
[EventType "swiss"]
[EventRounds "9"]
[EventCountry "SUI"]
[SourceTitle "EXT 2002"]
[Source "ChessBase"]
[SourceDate "2001.11.25"]
[SourceVersion "1"]
[SourceVersionDate "2001.11.25"]
[SourceQuality "1"]

1. Nf3 d5 2. c4 c6 3. e3 Nf6 4. Qc2 g6 5. cxd5 cxd5 6. Bb5+ Bd7 7. Bxd7+ Nbxd7 8. 0-0 Bg7 9. d4 0-0 10. Bd2 Qb6 11. Nc3 Rac8 12. Rfc1 a6 13. Qa4 Qd6 14. Qa5 Rfe8 15. Na4 Ne4 16. Bb4 Qe6 17. Nd2 Nxf2 18. Kxf2 Nf6 19. h3 Bh6 20. Re1 Qf5+ 21. Kg1 Rc2 22. Nf3 g5 23. e4 Nxe4 24. Rxe4 Qxe4 25. Re1 Qf5 26. Nc3 g4 27. Qxd5 Qxd5 28. Nxd5 gxf3 29. Nc7 f2+ 0-1

[Event "Clichy Masters 11th"]
[Site "Clichy"]
[Date "2000.07.30"]
[Round "6"]
[White "Karr, Jean Philippe"]
[Black "Lukasiewicz, Grzegorz"]
[Result "1-0"]
[WhiteElo "2353"]
[BlackElo "2338"]
[PlyCount "45"]
[EventDate "2000.07.25"]
[EventType "tourn"]
[EventRounds "9"]
[EventCountry "FRA"]
[EventCategory "4"]
[SourceTitle "EXT 2001"]
[Source "ChessBase"]
[SourceDate "2000.11.22"]
[SourceVersion "1"]
[SourceVersionDate "2000.11.22"]
[SourceQuality "1"]

1. d4 d5 2. c4 c6 3. Nf3 Nf6 4. Nc3 e6 5. e3 Nbd7 6. Qc2 b6 7. Bd3 Bb7 8. 0-0 Be7 9. b3 Qc7 10. Bb2 Rd8 11. Rad1 h6 12. Qe2 0-0 13. Ne5 c5 14. f4 dxc4 15. bxc4 a6 16. Bb1 Nb8 17. Qc2 Rfe8 18. d5 Nbd7 19. Nxf7 Kxf7 20. dxe6+ Kf8 21. Qg6 Kg8 22. Rxd7 Rxd7 23. Nd5 1-0

[Event "Clichy Masters 11th"]
[Site "Clichy"]
[Date "2000.07.28"]
[Round "4"]
[White "Radulov, Ivan"]
[Black "Lukasiewicz, Grzegorz"]
[Result "1-0"]
[WhiteElo "2407"]
[BlackElo "2338"]
[PlyCount "77"]
[EventDate "2000.07.25"]
[EventType "tourn"]
[EventRounds "9"]
[EventCountry "FRA"]
[EventCategory "4"]
[SourceTitle "EXT 2001"]
[Source "ChessBase"]
[SourceDate "2000.11.22"]
[SourceVersion "1"]
[SourceVersionDate "2000.11.22"]
[SourceQuality "1"]

1. Nf3 d5 2. g3 c6 3. Bg2 Bg4 4. 0-0 Nd7 5. d3 Ngf6 6. c4 e6 7. cxd5 exd5 8. Nc3 Be7 9. e4 dxe4 10. dxe4 0-0 11. Qc2 Nc5 12. Rd1 Qc8 13. Be3 h6 14. Rd2 Re8 15. Nd4 Bf8 16. f3 Bd7 17. Bf2 Qc7 18. b4 Ne6 19. Rb1 Red8 20. a4 Be7 21. Nf5 Bf8 22. Nd4 Be7 23. Nf5 Bf8 24. Ne2 Be8 25. Ned4 Bd7 26. Nxe6 Bxe6 27. Nd4 Bd7 28. Nb5 Qb8 29. Nd4 Qe5 30. h3 Rac8 31. f4 Qb8 32. Qb3 b6 33. e5 Nd5 34. b5 Ne7 35. Rbd1 c5 36. Nc6 Bxc6 37. bxc6 Qc7 38. Rd7 Qb8 39. c7 1-0

[Event "Cannes op"]
[Site "Cannes"]
[Date "2000.02.23"]
[Round "4"]
[White "Philippe, Christophe"]
[Black "Lukasiewicz, Grzegorz"]
[Result "1-0"]
[WhiteElo "2293"]
[BlackElo "2348"]
[PlyCount "136"]
[EventDate "2000.02.20"]
[EventType "swiss"]
[EventRounds "9"]
[EventCountry "FRA"]
[SourceTitle "EXT 2001"]
[Source "ChessBase"]
[SourceDate "2000.11.22"]
[SourceVersion "1"]
[SourceVersionDate "2000.11.22"]
[SourceQuality "1"]

1. d4 d5 2. c4 c6 3. Nf3 e6 4. g3 f5 5. Bg2 Nf6 6. 0-0 Bd6 7. Bf4 Bxf4 8. gxf4 0-0 9. Nbd2 b6 10. Ne5 Bb7 11. Rc1 Qe7 12. Rc3 Rd8 13. c5 b5 14. Rh3 a5 15. Kh1 Nbd7 16. Rg1 Nxe5 17. fxe5 Nd7 18. e3 Nf8 19. Bf1 Bc8 20. Nf3 Bd7 21. Rhg3 Be8 22. Ng5 Ra7 23. Nh3 Rdd7 24. Nf4 Qd8 25. Bd3 Kh8 26. Qf1 a4 27. Qh3 Re7 28. Qh4 Qd7 29. Qh6 Kg8 30. Rh3 Bg6 31. Qh4 Kf7 32. Qg5 Kg8 33. Be2 Be8 34. Bh5 g6 35. Qh6 Rg7 36. Be2 Kh8 37. Rhg3 Rg8 38. Nh5 Qe7 39. Nf6 Rg7 40. Rh3 Bf7 41. Rgg3 Bg8 42. Rg1 Bf7 43. Qg5 Be8 44. Rh6 Qf7 45. Qh4 Ra8 46. Rg3 Ra7 47. Qg5 Nd7 48. Rgh3 Nf8 49. f4 Rb7 50. Kg2 Ra7 51. Kf2 Ra8 52. Qg2 Bd7 53. Rg3 Be8 54. Qh3 Bd7 55. Qh4 Be8 56. Qg5 Bd7 57. Kf1 Bc8 58. h4 Bd7 59. Kf2 Be8 60. Kg1 Ra7 61. Kf2 Ra8 62. Rg1 Rb8 63. Rh1 Qc7 64. Qg2 Qe7 65. Qg3 Nd7 66. Qg5 Nf8 67. h5 gxh5 68. Qh4 Bg6 1-0

[Event "BL2-Ost 9899"]
[Site "Germany"]
[Date "1999.03.07"]
[Round "7.5"]
[White "Kyas, Juergen"]
[Black "Lukasiewicz, Grzegorz"]
[Result "1/2-1/2"]
[WhiteElo "2260"]
[BlackElo "2365"]
[PlyCount "29"]
[EventDate "1998.10.18"]
[EventType "team-tourn"]
[EventRounds "9"]
[EventCountry "GER"]
[SourceTitle "GER-chT2"]
[Source "ChessBase"]
[SourceDate "1999.07.01"]
[SourceVersion "1"]
[SourceVersionDate "1999.07.01"]
[SourceQuality "1"]
[WhiteTeam "Chemnitz"]
[BlackTeam "Plauen Koenig"]
[WhiteTeamCountry "GER"]
[BlackTeamCountry "GER"]

1. e4 c5 2. Nf3 Nc6 3. d4 cxd4 4. Nxd4 Qb6 5. Nb3 e6 6. Nc3 Nf6 7. Be3 Qc7 8. Bd3 d6 9. f4 a6 10. g4 b5 11. g5 Nd7 12. Qf3 Bb7 13. 0-0-0 Na5 14. Nxa5 Qxa5 15. Kb1 1/2-1/2